000 00527nam a22002057a 4500
003 koha_MIRAKIL
005 20231213100356.0
008 231213b |||||||| |||| 00| 0 ||| d
020 _b978-6-05-411989-9
040 _aTR-IsEVY
_btur
_cTR-IsEVY
082 _aFIC BAR/N
100 _aBarroux.
245 0 _aNerede bu fil ?
250 _a3. bs.
260 _bRedhouse Kidz,
_c2017
300 _a30 s.
650 _aChildren's literature -- Short stories.
650 _aÇocuk edebiyatı -- Hikaye.
942 _2ddc
_cBK
999 _c18953
_d18953